| 000 | 00481nam a22001817a 4500 | ||
|---|---|---|---|
| 001 | BD-DhSAU 6343 | ||
| 003 | BD-DhSAU | ||
| 005 | 20150507190243.0 | ||
| 008 | 150507b1967 bg a|||| |||| 00| 0 eng d | ||
| 040 | _aBD-DhSAU | ||
| 082 |
_222 _a540 _bCHC |
||
| 100 | _a Chowdhury, A. Q. | ||
| 245 |
_aChemistry fundamentals / _cby A. Q. Chowdhury |
||
| 260 |
_aDacca : _bMrs. Chemanara Begum , _cc1967. |
||
| 300 |
_axxi, 699 p.: _bill. ; _c22 cm. |
||
| 590 | _aIMRAN | ||
| 650 | _aChemistry | ||
| 942 |
_2ddc _cBOOK |
||
| 999 |
_c6343 _d6343 |
||